Magnáti zamierili do vesmíru
Kozmický biznis v Amerike a jeho budúcnosť. Lukratívna oblasť technologického rozvoja a podnikania. Spoločnosť SpaceX ako prvá, ktorá sa zo súkromných zdrojov dokázala zapojiť do vesmírneho programu. Objednávky do roku 2017 na takmer štyridsať letov. Testy nových technológií. Ambície vybudovať multi...
Salvato in:
| Autore principale: | |
|---|---|
| Natura: | Capitolo di libro |
| Lingua: | slovacco |
| Soggetti: | |
| Tags: |
Nessun Tag, puoi essere il primo ad aggiungerne!!
|
MARC
| LEADER | 00000naa a2200000 4500 | ||
|---|---|---|---|
| 001 | 0152714 | ||
| 005 | 20231113071428.5 | ||
| 041 | 0 | |a slo | |
| 044 | |a SK | ||
| 245 | 1 | 0 | |a Magnáti zamierili do vesmíru |c Ľubomír Jurina |
| 520 | |a Kozmický biznis v Amerike a jeho budúcnosť. Lukratívna oblasť technologického rozvoja a podnikania. Spoločnosť SpaceX ako prvá, ktorá sa zo súkromných zdrojov dokázala zapojiť do vesmírneho programu. Objednávky do roku 2017 na takmer štyridsať letov. Testy nových technológií. Ambície vybudovať multiplanetárnu firmu. Plán ťažby surovín na planétkach či asteroidoch. | ||
| 610 | 2 | 0 | |a technológie nové |
| 610 | 2 | 0 | |a veda |
| 610 | 2 | 0 | |a výskum |
| 610 | 2 | 0 | |a rozvoj vedeckotechnický |
| 610 | 2 | 0 | |a podnikanie |
| 610 | 2 | 0 | |a financie |
| 610 | 2 | 0 | |a financovanie |
| 610 | 2 | 0 | |a USA |
| 100 | 1 | |a Jurina, Ľubomír | |